Itzy Discography Quiz - Statistics

General Stats
  • This quiz has been taken 62 times
  • The average score is 51 of 76
Answer Stats
Stan Ryujin % Correct
GOLD
95%
DALLA DALLA
92%
WANNABE
92%
ICY
89%
LOCO
89%
SNEAKERS
89%
Imaginary Friend
87%
In the Morning
87%
UNTOUCHABLE
87%
BORN TO BE
84%
Cheshire
84%
CAKE
82%
Mr. Vampire
82%
Crown On My Head (YEJI)
79%
Blossom (LIA)
76%
Not Shy
76%
RINGO
76%
VAY (Ft. CHANGBIN)
76%
Voltage
76%
Mine (CHAERYEONG)
74%
SHOOT!
74%
TING TING TING (Ft. Oliver Heldens)
74%
Blah Blah Blah
71%
Boys Like You
71%
FIVE
71%
Kill Shot
71%
None of My Business
71%
Run Away (RYUJIN)
71%
SWIPE
71%
Yet, but (YUNA)
71%
Algorhythm
68%
CHERRY
68%
Escalator
68%
IT'z SUMMER
68%
Snowy
68%
Want It?
68%
BET ON ME
66%
Dynamite
66%
Freaky
66%
iD
66%
RACER
66%
365
63%
Bad Girls R Us
63%
Trust Me (MIDZY)
63%
#Twenty
63%
24HRS
61%
Bratty
61%
Mirror
61%
No Biggie
61%
Psychic Lover
61%
TENNIS (0:0)
61%
THAT'S A NO NO
61%
WHAT I WANT
61%
B[OO]M-BOXX
58%
DOMINO
58%
KIDDING ME
58%
NOBODY LIKE YOU
58%
Spice
58%
Supernatural
58%
Don't Give a What
55%
Free Fall
55%
Sooo LUCKY
55%
Sorry Not Sorry
55%
SURF
55%
Chillin' Chillin'
53%
LOVE is
53%
Sugar-holic
53%
Wild Wild West
53%
YOU MAKE ME
53%
Be In Love
50%
Can't tie me down
50%
I DON'T WANNA DANCE
50%
Louder
50%
Playlist
50%
Gas Me Up
45%
STYLE
42%
No matching quizzes found
Score Distribution
Percent of People with Each Score
Percentile by Number Answered
Your Score History
You have not taken this quiz